LEADER 01142nam0 2200313 450 001 000034467 005 20130220121224.0 010 $a978-0-13-143747-0 100 $a20130220d2010----km-y0itaa50------ba 101 0 $aeng 102 $aUS 200 1 $aReal analysis$fH. L. Royden, P. M. Fitzpatrick 205 $a4. ed 210 $aBoston [etc.]$cPrentice-Hall$d2010 215 $aXII, 505 p.$d24 cm. 606 1 $aAnalisi reale 606 2 $aFunzioni di variabile reale 676 $a515.7$v(22. ed.)$9Analisi funzionale 700 1$aRoyden,$bH. L.$026291 701 1$aFitzpatrick,$bPatrick M.$0446311 801 0$aIT$bUniversità della Basilicata - B.I.A.$gREICAT$2unimarc 912 $a000034467 996 $aReal analysis$997784 997 $aUNIBAS BAS $aSCIENZE CAT $aTTM$b30$c20130220$lBAS01$h1212 FMT Z30 -1$lBAS01$LBAS01$mBOOK$1BASA2$APolo Tecnico-Scientifico$2DID$BDidattica$3PTS.s1.p21.21$6111824$5T111824$820130220$eXL$f98$FConsultazione Z30 -1$lBAS01$LBAS01$mBOOK$1BASA2$APolo Tecnico-Scientifico$2DID$BDidattica$3PTS.s1.p21.21A$6111825$5T111825$820130220$eXL$f04$FPrestabile Didattica LEADER 02291 am 2200481 n 450 001 9910283538803321 005 20180611 010 $a979-1-02-401108-0 024 7 $a10.4000/books.purh.8179 035 $a(CKB)4100000005959215 035 $a(FrMaCLE)OB-purh-8179 035 $a(oapen)https://directory.doabooks.org/handle/20.500.12854/42746 035 $a(PPN)24129097X 035 $a(EXLCZ)994100000005959215 100 $a20180828j|||||||| ||| 0 101 0 $afre 135 $auu||||||m|||| 181 $ctxt$2rdacontent 182 $cc$2rdamedia 183 $acr$2rdacarrier 200 13$aLe Carroyage des informations urbaines $eUne nouvelle forme de banque de données sur l'environnement du Grand Rouen /$fGilles Lajoie 210 $aMont-Saint-Aignan $cPresses universitaires de Rouen et du Havre$d2018 215 $a1 online resource (240 p.) 311 $a2-87775-032-9 330 $a? Depuis quelques années déjà, la gestion de l'espace urbain est informatisée dans les grandes agglomérations mais la dimension environnementale est très souvent occultée. Difficultés méthodologiques ? Antagonisme ? ? Ce livre ouvre une piste encore inexplorée en France : la gestion de la ville dans toutes ses dimensions (sociale, économique, environnementale...) grâce à une banque de données par carroyage. Testée sur la région rouennaise, cette méthodologie présente les espaces urbain et péri-urbain en 10 000 cases de 250 mètres de côté : plusieurs dizaines de variables constituent ainsi une véritable banque de données par carroyage. 517 $aCarroyage des informations urbaines 606 $aUrban geography$xData processing 606 $aUrban geography$xComputer simulation 607 $aRouen (France)$xGeography$xData processing 607 $aRouen (France)$xGeography$xComputer simulation 610 $aRouen 610 $améthodologie 610 $aurbain 610 $aenvironnement 610 $acarroyage 615 0$aUrban geography$xData processing. 615 0$aUrban geography$xComputer simulation. 700 $aLajoie$b Gilles$01290726 801 0$bFR-FrMaCLE 906 $aBOOK 912 $a9910283538803321 996 $aLe Carroyage des informations urbaines$93021570 997 $aUNINA LEADER 01317nam0 22002771i 450 001 UON00105330 005 20231205102612.154 100 $a20020107d1968 |0itac50 ba 101 $ager 102 $aDE 105 $a|||| ||||| 200 1 $aAufbau und Bedeutung der altaegyptischen Opferformel$fWinifried Barta 210 $aGluckstadt$cJ.J. Augustin$d1968 215 $axv, 365 p.$d30 cm 461 1$1001UON00085352$12001 $aAgyptologische Forschungen$fHerausgegeben von Alexander Scharff. Heft 4 $1205 $aGluckstadt : Hamburg$gNew York : J.J.Augustin$1207 $a v.; $1210 $aPeriodicità sconosciuta$1215 $aDescrizione basata su: Heft 4, 1937$v24 606 $aLetteratura egiziana antica$xTesti rituali$xFormula di offerta$3UONC029574$2FI 620 $dGluckstadt$3UONL000126 676 $a893.1$cLETTERATURA EGIZIANA ANTICA$v21 700 1$aBARTA$bWinfried$3UONV042354$0657268 712 $aAugustin$3UONV245866$4650 801 $aIT$bSOL$c20251031$gRICA 899 $aSIBA - SISTEMA BIBLIOTECARIO DI ATENEO$2UONSI 912 $aUON00105330 950 $aSIBA - SISTEMA BIBLIOTECARIO DI ATENEO$dSI VII 004/024 $eSI AA 4792 5 004/024 996 $aAufbau und Bedeutung der altaegyptischen Opferformel$91311912 997 $aUNIOR